<?xml version="1.0" encoding="UTF-8"?>
<record
    xmlns:xsi="http://www.w3.org/2001/XMLSchema-instance"
    xsi:schemaLocation="http://www.loc.gov/MARC21/slim http://www.loc.gov/standards/marcxml/schema/MARC21slim.xsd"
    xmlns="http://www.loc.gov/MARC21/slim">

  <leader>01927nam a22002657a 4500</leader>
  <controlfield tag="008">170729s2017        ck||||| |||| 00| 0 spa d</controlfield>
  <datafield tag="020" ind1=" " ind2=" ">
    <subfield code="a">9789585774476</subfield>
  </datafield>
  <datafield tag="082" ind1="0" ind2="4">
    <subfield code="a">701.03</subfield>
    <subfield code="b">P349o</subfield>
  </datafield>
  <datafield tag="100" ind1="1" ind2=" ">
    <subfield code="a">Pe&#xF1;a Ospina, Paola.</subfield>
    <subfield code="9">5882</subfield>
  </datafield>
  <datafield tag="245" ind1="1" ind2="0">
    <subfield code="a">Ondas expansivas /</subfield>
    <subfield code="c">Paola Pe&#xF1;a Ospina, David Henao y Juan Guillermo Berm&#xFA;dez ; traducci&#xF3;n por Andr&#xE9;s Felipe Monz&#xF3;n y Tony Evanko.</subfield>
  </datafield>
  <datafield tag="250" ind1=" " ind2=" ">
    <subfield code="a">1a edici&#xF3;n.</subfield>
  </datafield>
  <datafield tag="260" ind1=" " ind2=" ">
    <subfield code="a">Medell&#xED;n, Colombia :</subfield>
    <subfield code="b">Fundaci&#xF3;n Casa Tres Patios,</subfield>
    <subfield code="c">2017.</subfield>
  </datafield>
  <datafield tag="300" ind1=" " ind2=" ">
    <subfield code="a">298 p&#xE1;ginas :</subfield>
    <subfield code="b">ilustraciones.</subfield>
  </datafield>
  <datafield tag="505" ind1="0" ind2=" ">
    <subfield code="t">Pre&#xE1;mbulo / Introduction</subfield>
    <subfield code="r">Paola Pe&#xF1;a Ospina.</subfield>
    <subfield code="t">Bit&#xE1;cora procesos de sistematizaci&#xF3;n / Systematization process log book</subfield>
    <subfield code="r">David Henao Alcaraz.</subfield>
    <subfield code="t">Im&#xE1;genes para entender el arte y pedagog&#xED;a en Medell&#xED;n / Images for understanding art and pedagogy in Medell&#xED;n </subfield>
    <subfield code="r">David Henao Alcaraz.</subfield>
    <subfield code="t">Una mirada caleidosc&#xF3;pica a pr&#xE1;cticas culturales colaborativas: Casa Tres Patios y Platohedro / A kaleidoscopic outlook of cultural collaborative practices: Casa Tres Patios and Platohedro</subfield>
    <subfield code="r">Paola Pe&#xF1;a Ospina.</subfield>
    <subfield code="t">La colaboraci&#xF3;n como una pr&#xE1;ctica de traducci&#xF3;n cultural: una mirada a la experiencia de Platohedro y Casa Tres Patios en Arts Collaboratory / Collaboration as a form of cultural translation: looking at the experience of Platohedro and Casa Tres Patios in Arts Collaboratory</subfield>
    <subfield code="r">Juan Guillermo Berm&#xFA;dez Tob&#xF3;n.</subfield>
    <subfield code="t">S&#xED;ntesis de un proceso: una l&#xED;nea de tiempo / Synthesis of a process: timeline</subfield>
    <subfield code="r">Paola Pe&#xF1;a Ospina.</subfield>
  </datafield>
  <datafield tag="653" ind1="1" ind2="0">
    <subfield code="a">Arte contempor&#xE1;neo -Pedagog&#xED;a</subfield>
  </datafield>
  <datafield tag="653" ind1="1" ind2="0">
    <subfield code="a">Arte - Comunidad y Sociedad</subfield>
  </datafield>
  <datafield tag="653" ind1="1" ind2="0">
    <subfield code="a">Pr&#xE1;cticas art&#xED;sticas contempor&#xE1;neas </subfield>
  </datafield>
  <datafield tag="653" ind1="1" ind2="0">
    <subfield code="a">Producci&#xF3;n cultural</subfield>
  </datafield>
  <datafield tag="653" ind1="1" ind2="0">
    <subfield code="a">Programas culturales comunitarios</subfield>
  </datafield>
  <datafield tag="653" ind1="1" ind2="0">
    <subfield code="a">Organizaciones art&#xED;sticas independientes</subfield>
  </datafield>
  <datafield tag="700" ind1="1" ind2=" ">
    <subfield code="a">Henao, David.</subfield>
    <subfield code="9">5883</subfield>
  </datafield>
  <datafield tag="700" ind1="1" ind2=" ">
    <subfield code="a">Berm&#xFA;dez, Juan Guillermo.</subfield>
    <subfield code="9">5884</subfield>
  </datafield>
  <datafield tag="700" ind1="1" ind2=" ">
    <subfield code="a">Monz&#xF3;n, Andr&#xE9;s Felipe.</subfield>
    <subfield code="e">traductor.</subfield>
    <subfield code="9">5885</subfield>
  </datafield>
  <datafield tag="700" ind1="1" ind2=" ">
    <subfield code="a">Evanko, Tony.</subfield>
    <subfield code="e">traductor.</subfield>
    <subfield code="9">5886</subfield>
  </datafield>
  <datafield tag="999" ind1=" " ind2=" ">
    <subfield code="c">1238</subfield>
    <subfield code="d">1238</subfield>
  </datafield>
  <datafield tag="952" ind1=" " ind2=" ">
    <subfield code="0">0</subfield>
    <subfield code="1">0</subfield>
    <subfield code="2">ddc</subfield>
    <subfield code="4">0</subfield>
    <subfield code="7">0</subfield>
    <subfield code="a">LV</subfield>
    <subfield code="b">LV</subfield>
    <subfield code="c">Monograf&#xED;as</subfield>
    <subfield code="d">2017-07-29</subfield>
    <subfield code="l">0</subfield>
    <subfield code="o">701.03 P349o</subfield>
    <subfield code="p">004409</subfield>
    <subfield code="r">2017-07-29 00:00:00</subfield>
    <subfield code="w">2017-07-29</subfield>
    <subfield code="y">01</subfield>
  </datafield>
</record>
